Представление документа в формате RUSMARC

ПолеНазваниеЗначение
  Тип записи a
  Библиографический уровень m
001 Контрольный номер RU/УОНБ/EK/671724671
005 Дата корректировки 20251111102532.7
100 Данные общей обработки __
a Данные общей обработки 20210414d1955 u y0rusy0189||||ca
101 Язык документа 0_
a Язык текста rus
102 Страна публикации __
a Страна публикации RU
105 Кодированные данные (монография) __
a Кодированные данные (монография) y z 000ay
200 Заглавие и сведения об ответственности 1_
a Заглавие Собрание сочинений
e Сведения, относящиеся к заглавию в 9 т.
f Первые сведения об ответственности Г.И. Успенский
g Последующие сведения об ответственности под общ. ред. В.П. Друзина
210 Выходные данные 1_
a Место издания Гослитиздат, [Ленинградское отделение]
c Издательство ослитиздат, [Ленинградское отд-ние]
d Дата издания 1955-
215 Физическое описание __
d Формат 21 см
700 Автор _1
a Фамилия Успенский
b Имя (инициалы) Г.И.
g Полное личное имя Глеб Иванович
702 Вторичная интеллектуальная ответственность _1
a Фамилия Друзин
b Имя (инициалы) В.П.
4 Код отношения 340
801 Источник записи _0
a Страна RU
b Организация Ульяновская ОНБ
c Дата составления 20210414
g Правила каталогизации RCR
801 Источник записи _1
a Страна RU
b Организация Ульяновская ОНБ
c Дата составления 20210414
g Правила каталогизации RCR
901 Тип документа __
t Тип документа v
909 Создатель записи __
a Создатель записи Пряхина
938 Служебная информация __
a Имя БД retro
b Имя библиотеки УОНБ
c Имя АИБС МАРК-SQL
d Номер DOC_ID в БД 364039